00720nam a2200205 i 4500001000300000100002300003245010300026260003100129300002800160504002600188650004400214655003000258020001800288040000800306041000800314044000800322080004500330008004100375856009800416bg1 aDawidowicz, Dawid.10aFundusze inwestycyjne :brodzaje, typy, metody pomiaru i ocena efektywności /cDawid Dawidowicz. aWarszawa :bCeDeWu,c2008. a215 s. :bil. ;c24 cm. aBibliogr. s. 195-204. 9aFundusz powierniczyzPolskayod 1989 r. aPodręczniki akademickie a9788375560756 cBPK apol aPOL a336.722.8:336.767](438)"1989/..."(075.8)090717s2008 pl a |001 0 pol  uhttp://koha.tu.koszalin.pl/cgi-bin/koha/opac-detail.pl?biblionumber=56520yKatalog online BPK